00280cam a22000977a 4500008004000000082002000040245006700060260002700127300000900154650001900163180718b1974 xxu||||| |||| 00| 0 eng d aXA4603x5421 ut8 aThe Uttar Pradesh urban buildings act. 1972cBy Govt. of India aLucknowbEasternc1974 a26p. aUrban building